000 00546nam a2200181 a 4500
001 000008520
005 20200929161343.0
008 090917s2004 dr a 000 0 spa d
040 _aDO-SdBNP
_bspa
_cBNPHU
082 _a611
_bL817a
100 1 _aLockward Mota, Gabriel Eugenio,
_d1958-
_922854
245 1 0 _aAnatomofisiología /
_cGabriel Eugenio Lockward Mota.
300 _a226 p. :
_bil. ;
_c22 cm.
504 _aIncluye bibliografías (p. 222-224)
650 4 _aAnatomía humana
_97327
650 4 _aFisiología humana
_922855
049 _aBNPD
999 _c8290
_d8290